| 000 | 01012nam a22002897a 4500 | ||
|---|---|---|---|
| 001 | 9242 | ||
| 003 | FISKH | ||
| 005 | 20251204123644.0 | ||
| 008 | 251204b cb ||||| |||| 00| 0 eng d | ||
| 020 | _a9780516279107 | ||
| 040 |
_aFISKH _beng _cFISKH _dFISKH |
||
| 050 | _a KF4750 .D49 | ||
| 082 | _a342.7308 | ||
| 100 | _aDitchfield, Christin | ||
| 245 |
_aKnowing your civil rights / _cBy Christin Ditchfield |
||
| 260 |
_aNew York : _bChildren's Press , _c2004 . |
||
| 300 |
_a47 pages : _bcolor illustrations ; _c21 cm . |
||
| 490 | _aTrue Book | ||
| 505 | _aX | ||
| 520 | _aIntroduces children to the concept of civil rights, explaining what they are, how they are protected, and what can be done to uphold them. | ||
| 521 | 8 |
_a890
_bLexile |
|
| 521 | 8 |
_aX
_bRaz-Plus |
|
| 650 |
_aCilvil rights- United States _vJuvenile Literature |
||
| 650 |
_aCilvil rights movement- United States- History- 20th Century _vJuvenile Literature |
||
| 942 |
_2ddc _cBK _n0 |
||
| 999 |
_c9242 _d9242 |
||